| 000 | 00684cam a2200217 4500 | ||
|---|---|---|---|
| 001 | D6751 | ||
| 008 | 090401t1965 xxu||||| |||| 00| 0 eng d | ||
| 035 | _a(Sirsi) u2774 | ||
| 041 | _aeng | ||
| 050 | _a692.209421 | ||
| 110 |
_aLondon County Council _91711 |
||
| 245 | _aLondon Building (Constructional) Amending Bye-laws (No.1) 1964 : statutory memorandum | ||
| 260 |
_aLondon _bLondon County Council _c1965 |
||
| 300 |
_a11p. _c30cm |
||
| 650 |
_aBUILDING REGULATIONS _96224 |
||
| 650 | _aLONDON BUILDING ACTS | ||
| 650 | _aLONDON BUILDING (CONSTRUCTIONAL) AMENDING BY-LAWS (NO.1) 1964 | ||
| 690 | _aBUILT ENVIRONMENT-BUILDING STANDARDS | ||
| 942 | _n0 | ||
| 948 | _c04/03/1997 | ||
| 999 |
_c85807 _d85807 |
||